Essentials of R for data analytics (Record no. 310842)

MARC details
000 -LEADER
fixed length control field 00527 a2200193 4500
005 - DATE & TIME
control field 20240416102926.0
008 - FIXED-LENGTH DATA ELEMENTS--GENERAL INFORMATION
fixed length control field 240411b |||||||| |||| 00| 0 eng d
020 ## - ISBN
International Standard Book Number 9789393525574
Price Rs. 710.00
040 ## - CATALOGING SOURCE
Original cataloging agency VIVEKANANDA LIBRARY
082 ## - DDC NUMBER
Classification number 005.133
Book Number B469E
100 ## - MAIN ENTRY--PERSONAL NAME
Personal name Bharti, Rajnish
245 ## - TITLE STATEMENT
Title Essentials of R for data analytics
260 ## - PUBLICATION, DISTRIBUTION, ETC. (IMPRINT)
Name of publisher, distributor, etc Arihant Books
Place of publication, distribution, etc New Delhi
Date of publication, distribution, etc Arihant Books
300 ## - PHYSICAL DESCRIPTION
Pages vi, 256
650 ## - Subject
Subject Computer Science
650 ## - Subject
Subject R (Computer Programme Language)
650 ## - Subject
Subject Data Analysis
942 ## - ADDED ENTRY ELEMENTS (KOHA)
Koha item type Books
Holdings
Withdrawn status Lost status Source of classification or shelving scheme Damaged status Not for loan Location (home branch) Sublocation or collection (holding branch) Shelving location Date acquired Koha issues (times borrowed) Koha full call number Accession No. Koha date last seen Koha item type
    Dewey Decimal Classification     VIVEKANANDA LIBRARY VIVEKANANDA LIBRARY UIET Library 20/01/2024   005.133 B469E 430113 20/01/2024 Books
    Dewey Decimal Classification     VIVEKANANDA LIBRARY VIVEKANANDA LIBRARY   07/03/2024     440237 07/03/2024 Books
    Dewey Decimal Classification     VIVEKANANDA LIBRARY VIVEKANANDA LIBRARY   07/03/2024 2   440236 07/02/2026 Books
© Designed and Maintained by Vivekananda Library, MDU Rohtak